[Event "DEM U16w 2019"]
[Site "Willingen GER"]
[Date "2019.06.10"]
[Round "3"]
[White "Jacoby, Angelina"]
[Black "Peschel, Julia"]
[Result "0-1"]
[Termination "normal"]
[Board "12"]
[WhiteElo "1412"]
[BlackElo "1275"]
[WhiteClock "00:17:09"]
[BlackClock "00:28:50"]
[PlyCount "118"]
[WhiteFideId "12999008"]
[BlackFideId "16255593"]
[EventCountry "GER"]
[EventRounds "9"]
[EventType "swiss"]
[EventDate "2019.06.08"]

1. d4 d5 2. c4 e6 3. e3 Nf6 4. Nf3 Be7 5. Nc3 O-O 6. Be2 a6 7. O-O dxc4 8. Bxc4
b5 9. Bd3 Bb7 10. a3 Nbd7 11. Qe2 c5 12. b3 Rc8 13. Bb2 Qc7 14. h3 Rfd8 15.
Rfd1 Nb6 16. dxc5 Qxc5 17. Rac1 Qh5 18. Nd4 Qg5 19. Nf3 Qh6 20. Nh2 Bd6 21. Ng4
Nxg4 22. Qxg4 f5 23. Qe2 Qg5 24. Qf1 f4 25. exf4 Qxf4 26. g3 Qf3 27. Kh2 h5 28.
Be2 Qf5 29. Bd3 Qf3 30. Be2 Qf7 31. Bd3 h4 32. Ne4 Bb8 33. Ng5 Qe7 34. Ne4 Rf8
35. Qg1 Rf3 36. Rxc8+ Nxc8 37. Qg2 Qf8 38. Bd4 hxg3+ 39. fxg3 Bxe4 40. Bxe4
Rxg3 41. Qxg3 Bxg3+ 42. Kxg3 Qd6+ 43. Kf3 e5 44. Ke3 exd4+ 45. Rxd4 Qh6+ 46.
Kd3 Qxh3+ 47. Kc2 g5 48. Rd8+ Kg7 49. Bb7 Qh2+ 50. Kd3 Qg3+ 51. Ke2 Qc7 52.
Rxc8 Qxb7 53. Re8 g4 54. Re3 Qg2+ 55. Kd3 g3 56. Re1 Qf3+ 57. Kd2 g2 58. Rb1
Qf2+ 59. Kc3 g1=Q 0-1

[Event "DEM U16w 2019"]
[Site "Willingen GER"]
[Date "2019.06.10"]
[Round "3"]
[White "Dietz, Helena"]
[Black "Genova, Magdalina"]
[Result "1/2-1/2"]
[Termination "normal"]
[Board "13"]
[WhiteElo "1534"]
[BlackElo "1421"]
[WhiteClock "00:02:21"]
[BlackClock "00:02:05"]
[PlyCount "78"]
[WhiteFideId "16239016"]
[BlackFideId "2919753"]
[EventCountry "GER"]
[EventRounds "9"]
[EventType "swiss"]
[EventDate "2019.06.08"]

1. e4 c5 2. Nc3 d6 3. f4 Nf6 4. Bb5+ Nbd7 5. Nf3 e6 6. O-O Be7 7. Bc4 a6 8. a4
b6 9. Qe1 Bb7 10. d3 d5 11. Bb3 O-O 12. f5 h6 13. Qg3 Kh7 14. fxe6 fxe6 15. Qh3
Ng8 16. Qxe6 dxe4 17. Nxe4 Ndf6 18. Qf5+ Kh8 19. Nxf6 Bxf6 20. Qg4 Bd5 21. Bxd5
Qxd5 22. Qc4 Qxc4 23. dxc4 Rae8 24. Rb1 Ne7 25. Bf4 Nc6 26. Bc7 Re2 27. Rfc1
Nd4 28. Bxb6 Nxf3+ 29. gxf3 Bd4+ 30. Kh1 Rxf3 31. c3 Be5 32. Bxc5 Rxh2+ 33. Kg1
Rd2 34. Rd1 Rc2 35. Rf1 Rg3+ 36. Kh1 Rh3+ 37. Kg1 Rg3+ 38. Kh1 Rh3+ 39. Kg1
Rg3+ 1/2-1/2

[Event "DEM U16w 2019"]
[Site "Willingen GER"]
[Date "2019.06.11"]
[Round "4"]
[White "Rothenberg, Nina"]
[Black "Müdder, Melanie"]
[Result "1/2-1/2"]
[Termination "normal"]
[Board "1"]
[WhiteElo "1653"]
[BlackElo "1912"]
[WhiteClock "00:21:50"]
[BlackClock "00:05:27"]
[PlyCount "65"]
[WhiteFideId "16208943"]
[BlackFideId "12994103"]
[EventCountry "GER"]
[EventRounds "9"]
[EventType "swiss"]
[EventDate "2019.06.08"]

1. e4 {[%clk 1:30:59]} 1... c5 {[%clk 1:30:55]} 2. Nf3 {[%clk 1:31:26]} 2...
Nc6 3. d4 3... cxd4 {[%clk 1:31:35]} 4. Nxd4 {[%clk 1:32:17]} 4... e5 { [%clk
1:31:44]} 5. Nb5 {[%clk 1:32:41]} 5... d6 {[%clk 1:31:59]} 6. c4 { [%clk
1:33:05]} 6... Be7 {[%clk 1:32:00]} 7. N5c3 {[%clk 1:33:29]} 7... Nf6 { [%clk
1:31:37]} 8. Bd3 {[%clk 1:33:50]} 8... O-O {[%clk 1:30:18]} 9. O-O { [%clk
1:33:24]} 9... Nd7 {[%clk 0:55:26]} 10. Nd5 {[%clk 1:33:24]} 10... Bg5 { [%clk
0:55:26]} 11. Nbc3 {[%clk 1:33:24]} 11... Bxc1 12. Rxc1 {[%clk 1:33:24]} 12...
Nf6 13. Bb1 13... Nxd5 {[%clk 0:55:26]} 14. exd5 {[%clk 1:11:42]} 14... Ne7
{[%clk 0:46:44]} 15. Kh1 {[%clk 1:07:21]} 15... Bf5 {[%clk 0:34:38]} 16. Bxf5
16... Nxf5 {[%clk 0:35:04]} 17. Qg4 {[%clk 0:56:03]} 17... Nd4 { [%clk
0:30:21]} 18. Qd1 {[%clk 0:48:41]} 18... Qh4 19. Qd3 {[%clk 0:42:23]} 19...
Rac8 {[%clk 0:18:44]} 20. Ne2 {[%clk 0:36:12]} 20... Nxe2 21. Qxe2 { [%clk
0:36:40]} 21... Qd4 {[%clk 0:17:07]} 22. Rfd1 {[%clk 0:34:53]} 22... Qc5 {[%clk
0:16:45]} 23. Rd3 {[%clk 0:31:03]} 23... b5 {[%clk 0:13:30]} 24. Rdc3 { [%clk
0:30:24]} 24... Rb8 {[%clk 0:11:53]} 25. b3 {[%clk 0:26:48]} 25... bxc4 26.
bxc4 {[%clk 0:25:39]} 26... Rfc8 {[%clk 0:05:27]} 27. Kg1 {[%clk 0:21:50]}
27... a5 {[%clk 0:05:27]} 28. Qd3 {[%clk 0:21:50]} 28... Qc7 {[%clk 0:05:27]}
29. Rb3 {[%clk 0:21:50]} 29... Rb4 {[%clk 0:05:27]} 30. Rxb4 {[%clk 0:21:50]}
30... axb4 {[%clk 0:05:27]} 31. Qb3 {[%clk 0:21:50]} 31... Qc5 {[%clk 0:05:27]}
32. g3 {[%clk 0:21:50]} 32... h6 {[%clk 0:05:27]} 33. Kg2 {[%clk 0:21:50]}
1/2-1/2

[Event "DEM U16w 2019"]
[Site "Willingen GER"]
[Date "2019.06.11"]
[Round "4"]
[White "Fock, Amina"]
[Black "Khamenya, Vitalia"]
[Result "1-0"]
[Termination "normal"]
[Board "3"]
[WhiteElo "1723"]
[BlackElo "1877"]
[WhiteClock "00:28:35"]
[BlackClock "00:24:11"]
[PlyCount "93"]
[WhiteFideId "12981982"]
[BlackFideId "12959260"]
[EventCountry "GER"]
[EventRounds "9"]
[EventType "swiss"]
[EventDate "2019.06.08"]

1. e4 {[%clk 1:30:58]} 1... e5 {[%clk 1:30:55]} 2. Nf3 {[%clk 1:31:23]} 2...
Nc6 3. Bb5 {[%clk 1:31:48]} 3... a6 {[%clk 1:31:43]} 4. Ba4 {[%clk 1:32:13]}
4... Nf6 {[%clk 1:32:09]} 5. d3 {[%clk 1:32:37]} 5... b5 {[%clk 1:32:31]} 6.
Bb3 {[%clk 1:33:01]} 6... Bc5 {[%clk 1:32:53]} 7. Nc3 {[%clk 1:33:11]} 7... d6
{[%clk 1:32:09]} 8. Nd5 {[%clk 1:33:16]} 8... h6 9. c3 {[%clk 1:26:57]} 9...
O-O 10. O-O 10... Na5 {[%clk 1:10:43]} 11. Bc2 {[%clk 1:20:10]} 11... Nxd5 {
[%clk 1:07:22]} 12. exd5 {[%clk 1:20:34]} 12... Bb6 13. b4 {[%clk 1:18:45]}
13... Nb7 {[%clk 1:02:11]} 14. d4 {[%clk 1:15:42]} 14... Bg4 {[%clk 1:00:39]}
15. Qd3 {[%clk 1:11:34]} 15... f5 {[%clk 0:59:30]} 16. dxe5 {[%clk 1:11:15]}
16... Bxf3 {[%clk 0:55:22]} 17. Qxf3 {[%clk 1:11:36]} 17... dxe5 { [%clk
0:55:31]} 18. Bxf5 {[%clk 1:11:22]} 18... Nd6 {[%clk 0:47:30]} 19. Be6+ { [%clk
1:09:05]} 19... Kh8 {[%clk 0:47:59]} 20. Qe2 {[%clk 1:04:21]} 20... Nc4 { [%clk
0:38:42]} 21. a4 {[%clk 0:58:14]} 21... Qf6 {[%clk 0:22:04]} 22. axb5 22...
axb5 {[%clk 0:22:05]} 23. Rxa8 {[%clk 0:50:27]} 23... Rxa8 { [%clk 0:22:34]}
24. Bd7 24... Nd6 {[%clk 0:16:17]} 25. Be3 {[%clk 0:39:24]} 25... Bxe3 26. Qxe3
{[%clk 0:37:10]} 26... Ra3 {[%clk 0:10:47]} 27. Qc5 27... Ne4 {[%clk 0:05:52]}
28. Qxc7 {[%clk 0:30:34]} 28... Rxc3 {[%clk 0:06:15]} 29. Qb8+ {[%clk 0:30:33]}
29... Kh7 30. Qxb5 {[%clk 0:30:16]} 30... Nd2 { [%clk 0:04:38]} 31. Rd1 {[%clk
0:21:35]} 31... Qg5 {[%clk 0:03:12]} 32. Qe2 { [%clk 0:17:52]} 32... Nf3+
{[%clk 0:03:05]} 33. Kh1 {[%clk 0:17:54]} 33... Nh4 {[%clk 0:01:52]} 34. g3
{[%clk 0:07:11]} 34... Nf3 {[%clk 0:01:52]} 35. Qe4+ { [%clk 0:07:11]} 35...
Kh8 {[%clk 0:01:52]} 36. Bg4 {[%clk 0:07:11]} 36... Nd4 { [%clk 0:01:52]} 37.
h4 Qf6 38. Ra1 {[%clk 0:07:11]} 38... g6 {[%clk 0:01:10]} 39. h5 {[%clk
0:06:46]} 39... Nf3 {[%clk 0:00:43]} 40. Ra8+ {[%clk 0:06:14]} 40... Kg7 {[%clk
0:01:12]} 41. Ra7+ {[%clk 0:03:07]} 41... Kf8 {[%clk 0:30:02]} 42. Bxf3 {[%clk
0:29:54]} 42... Qxf3+ {[%clk 0:25:07]} 43. Qxf3+ { [%clk 0:29:54]} 43... Rxf3
44. Kg2 {[%clk 0:29:54]} 44... Rd3 {[%clk 0:25:07]} 45. b5 {[%clk 0:29:12]}
45... Rb3 {[%clk 0:23:47]} 46. hxg6 {[%clk 0:28:17]} 46... Rxb5 {[%clk
0:24:11]} 47. d6 {[%clk 0:28:35]} 1-0

[Event "DEM U16w 2019"]
[Site "Willingen GER"]
[Date "2019.06.11"]
[Round "4"]
[White "Berelowitsch, Dana"]
[Black "Wagner, Victoria"]
[Result "1/2-1/2"]
[Termination "normal"]
[Board "4"]
[WhiteElo "1753"]
[BlackElo "1808"]
[WhiteClock "00:00:34"]
[BlackClock "00:02:11"]
[PlyCount "81"]
[WhiteFideId "12977144"]
[BlackFideId "16232348"]
[EventCountry "GER"]
[EventRounds "9"]
[EventType "swiss"]
[EventDate "2019.06.08"]

1. d4 {[%clk 1:30:57]} 1... Nf6 2. Nc3 2... d5 {[%clk 1:31:05]} 3. Bg5 { [%clk
1:31:35]} 3... g6 {[%clk 1:31:14]} 4. Bxf6 {[%clk 1:17:52]} 4... exf6 { [%clk
1:31:14]} 5. e4 5... dxe4 {[%clk 1:27:04]} 6. Nxe4 f5 7. Nc3 { [%clk 1:17:52]}
7... Bg7 {[%clk 1:24:35]} 8. Nf3 {[%clk 1:17:41]} 8... O-O { [%clk 1:22:22]} 9.
Be2 9... Nd7 {[%clk 1:16:01]} 10. Qd2 {[%clk 1:13:29]} 10... Nb6 {[%clk
1:07:32]} 11. O-O-O {[%clk 1:11:24]} 11... c6 {[%clk 1:02:04]} 12. h4 {[%clk
1:05:34]} 12... h5 {[%clk 0:57:12]} 13. Kb1 {[%clk 1:04:28]} 13... Nd5 {[%clk
0:54:22]} 14. Ne5 {[%clk 0:58:17]} 14... Re8 {[%clk 0:45:05]} 15. Nxd5 {[%clk
0:54:27]} 15... cxd5 {[%clk 0:44:25]} 16. Bb5 {[%clk 0:52:35]} 16... Re6 {[%clk
0:38:08]} 17. Qf4 {[%clk 0:46:59]} 17... a6 {[%clk 0:36:12]} 18. Bd3 {[%clk
0:46:44]} 18... Bd7 {[%clk 0:32:48]} 19. f3 {[%clk 0:37:29]} 19... Bb5 {[%clk
0:25:14]} 20. g4 {[%clk 0:35:08]} 20... Bxd3 {[%clk 0:23:42]} 21. Rxd3 {[%clk
0:35:09]} 21... Qe8 {[%clk 0:21:05]} 22. Rdd1 {[%clk 0:31:35]} 22... Bxe5
{[%clk 0:18:47]} 23. dxe5 {[%clk 0:31:59]} 23... Rxe5 { [%clk 0:19:02]} 24.
gxh5 {[%clk 0:32:12]} 24... Kg7 {[%clk 0:16:31]} 25. hxg6 { [%clk 0:30:22]}
25... fxg6 {[%clk 0:16:48]} 26. h5 {[%clk 0:29:03]} 26... gxh5 {[%clk 0:15:10]}
27. Rdg1+ {[%clk 0:26:27]} 27... Kf7 {[%clk 0:10:21]} 28. Qh6 {[%clk 0:24:48]}
28... Qh8 {[%clk 0:08:27]} 29. Qg6+ {[%clk 0:23:43]} 29... Ke7 {[%clk 0:08:08]}
30. Rxh5 {[%clk 0:22:39]} 30... Qf6 {[%clk 0:08:01]} 31. Qg3 { [%clk 0:14:45]}
31... Re8 {[%clk 0:06:09]} 32. a3 {[%clk 0:13:25]} 32... Kd8 { [%clk 0:06:03]}
33. Rh7 {[%clk 0:10:49]} 33... Qc6 {[%clk 0:04:48]} 34. Rd1 { [%clk 0:01:59]}
34... Kc8 {[%clk 0:04:48]} 35. Qh3 35... Qe6 {[%clk 0:03:17]} 36. Rh6 {[%clk
0:01:59]} 36... Qf7 {[%clk 0:03:08]} 37. Rh7 {[%clk 0:01:53]} 37... Qe6 {[%clk
0:03:22]} 38. Rh6 {[%clk 0:01:57]} 38... Qf7 {[%clk 0:02:52]} 39. Rh7 {[%clk
0:01:54]} 39... Qe6 {[%clk 0:03:12]} 40. Rh8 {[%clk 0:00:34]} 40... Qf7 {[%clk
0:02:11]} 41. Rh7 1/2-1/2

[Event "DEM U16w 2019"]
[Site "Willingen GER"]
[Date "2019.06.11"]
[Round "4"]
[White "Stowicek, Yara Mathilda"]
[Black "Bui, Ngoc Han Julia"]
[Result "1-0"]
[Termination "normal"]
[Board "5"]
[WhiteElo "1692"]
[BlackElo "1973"]
[WhiteClock "01:28:22"]
[BlackClock "01:31:51"]
[PlyCount "59"]
[WhiteFideId "16203569"]
[BlackFideId "12977055"]
[EventCountry "GER"]
[EventRounds "9"]
[EventType "swiss"]
[EventDate "2019.06.08"]

1. e4 c5 2. c3 d5 3. exd5 Qxd5 4. d4 Nf6 5. Na3 a6 6. Nc2 cxd4 7. Qxd4 e5 8.
Qxd5 Nxd5 9. Nf3 f6 10. Bc4 Be6 11. Bb3 Nc6 12. Ne3 Nxe3 13. Bxe3 Bxb3 14. axb3
O-O-O 15. b4 Bd6 16. Nd2 Ne7 17. Nc4 Nd5 18. O-O Kb8 19. Rfd1 Nxe3 20. Nxe3 Rd7
21. Nc4 Rhd8 22. b5 axb5 23. Nb6 Re7 24. Ra8+ Kc7 25. Nd5+ Kd7 26. Rxd8+ Kxd8
27. Nxe7 Kxe7 28. Rd5 b4 29. cxb4 Bxb4 30. Rb5 1-0

[Event "DEM U16w 2019"]
[Site "Willingen GER"]
[Date "2019.06.11"]
[Round "4"]
[White "Glinzner, Alva"]
[Black "Ziegenfuß, Larissa"]
[Result "1-0"]
[Termination "normal"]
[Board "6"]
[WhiteElo "1810"]
[BlackElo "1771"]
[WhiteClock "00:11:35"]
[BlackClock "00:00:36"]
[PlyCount "83"]
[WhiteFideId "16206169"]
[BlackFideId "12974722"]
[EventCountry "GER"]
[EventRounds "9"]
[EventType "swiss"]
[EventDate "2019.06.08"]

1. e4 {[%clk 1:30:59]} 1... c5 {[%clk 1:30:52]} 2. d3 2... Nc6 {[%clk 1:29:50]}
3. f4 {[%clk 1:31:36]} 3... d6 {[%clk 1:28:28]} 4. Nf3 {[%clk 1:31:21]} 4...
Qc7 {[%clk 1:16:28]} 5. Be2 {[%clk 1:31:21]} 5... g6 {[%clk 1:16:28]} 6. O-O {
[%clk 1:31:21]} 6... Bg7 {[%clk 1:16:28]} 7. c3 {[%clk 1:25:37]} 7... Nf6 8.
Qe1 8... Bd7 {[%clk 1:08:43]} 9. Na3 {[%clk 1:24:27]} 9... a6 {[%clk 1:07:35]}
10. Nc2 {[%clk 1:24:12]} 10... O-O 11. Qh4 {[%clk 1:19:36]} 11... e5 { [%clk
0:32:57]} 12. fxe5 {[%clk 1:10:02]} 12... dxe5 {[%clk 0:26:25]} 13. Ng5 { [%clk
1:07:17]} 13... h6 {[%clk 0:17:52]} 14. Nh3 {[%clk 0:55:27]} 14... h5 { [%clk
0:10:05]} 15. Rxf6 {[%clk 0:47:04]} 15... Bxh3 16. gxh3 {[%clk 0:47:22]} 16...
Bxf6 {[%clk 0:08:34]} 17. Qxf6 {[%clk 0:47:48]} 17... Qd8 {[%clk 0:08:38] } 18.
Qf2 {[%clk 0:47:42]} 18... b6 {[%clk 0:07:28]} 19. Qg2 {[%clk 0:44:16]} 19...
Kh7 {[%clk 0:07:18]} 20. Ne3 {[%clk 0:43:04]} 20... Ne7 {[%clk 0:06:29]} 21.
Nc4 {[%clk 0:39:15]} 21... f6 {[%clk 0:05:59]} 22. Be3 {[%clk 0:38:30]} 22...
Rb8 {[%clk 0:05:37]} 23. Nd2 {[%clk 0:37:38]} 23... Qd7 {[%clk 0:05:27]} 24.
Kh1 {[%clk 0:35:18]} 24... Rg8 {[%clk 0:05:12]} 25. Rf1 {[%clk 0:33:19]} 25...
Rbf8 {[%clk 0:05:08]} 26. Qg3 {[%clk 0:29:47]} 26... Qc6 27. Qh4 { [%clk
0:29:03]} 27... Kg7 {[%clk 0:03:09]} 28. Nf3 {[%clk 0:24:50]} 28... Qd6 { [%clk
0:02:54]} 29. Qg3 {[%clk 0:24:15]} 29... Rh8 {[%clk 0:02:46]} 30. Nh4 { [%clk
0:23:25]} 30... Kf7 {[%clk 0:02:31]} 31. d4 {[%clk 0:18:12]} 31... cxd4 32.
cxd4 {[%clk 0:18:13]} 32... Ke8 {[%clk 0:02:14]} 33. Bxa6 {[%clk 0:16:09]}
33... g5 {[%clk 0:01:46]} 34. Nf5 {[%clk 0:15:31]} 34... Nxf5 35. Rxf5 { [%clk
0:15:55]} 35... h4 {[%clk 0:02:03]} 36. Qg4 {[%clk 0:11:15]} 36... Qb4 { [%clk
0:02:03]} 37. Qe2 {[%clk 0:11:15]} 37... exd4 {[%clk 0:02:03]} 38. Bb5+ { [%clk
0:11:15]} 38... Ke7 {[%clk 0:02:03]} 39. Bd2 {[%clk 0:11:15]} 39... Qd6 { [%clk
0:02:03]} 40. Rd5 Qb8 41. Rd7+ {[%clk 0:11:15]} 41... Ke6 {[%clk 0:00:36] } 42.
Qc4+ {[%clk 0:11:35]} 1-0

[Event "DEM U16w 2019"]
[Site "Willingen GER"]
[Date "2019.06.11"]
[Round "4"]
[White "Sokolowski, Judith"]
[Black "Klemke, Kassandra"]
[Result "1-0"]
[Termination "normal"]
[Board "8"]
[WhiteElo "1749"]
[BlackElo "1662"]
[WhiteClock "01:29:17"]
[BlackClock "01:31:40"]
[PlyCount "45"]
[WhiteFideId "16200624"]
[BlackFideId "16217128"]
[EventCountry "GER"]
[EventRounds "9"]
[EventType "swiss"]
[EventDate "2019.06.08"]

1. e4 c5 2. c3 d5 3. exd5 Qxd5 4. d4 Nf6 5. Nf3 Bg4 6. Nbd2 e6 7. Qa4+ Nc6 8.
Bc4 Qd7 9. Bb5 Bxf3 10. Nxf3 Bd6 11. dxc5 Bxc5 12. Ne5 Qd5 13. Nxc6 Qxg2 14.
Nd4+ Ke7 15. Rf1 Ng4 16. Bf4 e5 17. Nf5+ Kf6 18. Ne3 Qf3 19. Nxg4+ Qxg4 20.
Bxe5+ Kg5 21. Qxg4+ Kxg4 22. Bd7+ Kf3 23. O-O-O 1-0

[Event "DEM U16w 2019"]
[Site "Willingen GER"]
[Date "2019.06.11"]
[Round "4"]
[White "Peschel, Julia"]
[Black "Dietz, Helena"]
[Result "1-0"]
[Termination "normal"]
[Board "11"]
[WhiteElo "1275"]
[BlackElo "1534"]
[WhiteClock "00:08:52"]
[BlackClock "00:30:29"]
[PlyCount "70"]
[WhiteFideId "16255593"]
[BlackFideId "16239016"]
[EventCountry "GER"]
[EventRounds "9"]
[EventType "swiss"]
[EventDate "2019.06.08"]

1. e4 {[%clk 1:30:59]} 1... e5 {[%clk 1:30:50]} 2. Nf3 {[%clk 1:31:20]} 2...
Nc6 {[%clk 1:31:14]} 3. Bc4 {[%clk 1:31:34]} 3... Bc5 {[%clk 1:31:36]} 4. c3 {
[%clk 1:31:42]} 4... Nf6 {[%clk 1:31:33]} 5. d3 {[%clk 1:31:27]} 5... d6 {
[%clk 1:31:35]} 6. Bb3 {[%clk 1:26:55]} 6... Be6 {[%clk 1:30:31]} 7. Bc2 {
[%clk 1:26:55]} 7... Bb6 {[%clk 1:28:20]} 8. Nbd2 {[%clk 1:26:03]} 8... Qe7 {
[%clk 1:22:26]} 9. Nf1 {[%clk 1:23:39]} 9... O-O-O {[%clk 1:13:33]} 10. c4 {
[%clk 1:10:06]} 10... Nd4 {[%clk 1:04:41]} 11. Nxd4 {[%clk 1:08:50]} 11... Bxd4
{[%clk 1:03:51]} 12. Ne3 {[%clk 1:08:36]} 12... Qd7 {[%clk 0:50:19]} 13. Rb1 {
[%clk 0:58:58]} 13... Bg4 {[%clk 0:49:36]} 14. f3 {[%clk 0:56:57]} 14... Be6 {
[%clk 0:45:15]} 15. Ba4 {[%clk 0:54:04]} 15... c6 {[%clk 0:41:19]} 16. Nc2 {
[%clk 0:53:33]} 16... Bb6 {[%clk 0:34:21]} 17. Be3 {[%clk 0:48:49]} 17... Nh5 {
[%clk 0:34:40]} 18. Bxb6 {[%clk 0:45:19]} 18... axb6 {[%clk 0:30:05]} 19. Ne3
Qe7 20. Qd2 {[%clk 0:36:14]} 20... Rhf8 {[%clk 0:24:56]} 21. Bc2 { [%clk
0:32:37]} 21... g5 {[%clk 0:19:51]} 22. d4 {[%clk 0:22:40]} 22... exd4 { [%clk
0:12:11]} 23. Qxd4 {[%clk 0:22:35]} 23... Kc7 {[%clk 0:11:55]} 24. Kd2 { [%clk
0:15:02]} 24... Rfe8 {[%clk 0:09:08]} 25. Rhe1 {[%clk 0:14:34]} 25... Rg8
{[%clk 0:02:08]} 26. Nf5 {[%clk 0:12:43]} 26... Qd7 {[%clk 0:01:24]} 27. Rbd1 {
[%clk 0:11:14]} 27... g4 {[%clk 0:01:05]} 28. fxg4 {[%clk 0:10:46]} 28... Rxg4
{[%clk 0:01:33]} 29. g3 {[%clk 0:11:05]} 29... Bxf5 {[%clk 0:01:41]} 30. h3 {
[%clk 0:10:40]} 30... Rxg3 {[%clk 0:02:00]} 31. exf5 {[%clk 0:10:43]} 31...
Rg2+ {[%clk 0:01:19]} 32. Kc1 {[%clk 0:10:48]} 32... Ng7 {[%clk 0:00:47]} 33.
f6 {[%clk 0:09:21]} 33... Ne6 {[%clk 0:01:11]} 34. Qe4 {[%clk 0:09:06]} 34...
Rg3 {[%clk 0:00:44]} 35. Qxh7 {[%clk 0:08:52]} 35... d5 {[%clk 0:30:29]} 1-0

[Event "DEM U16w 2019"]
[Site "Willingen GER"]
[Date "2019.06.11"]
[Round "4"]
[White "Huppert, Anna"]
[Black "Wucherer, Sophie"]
[Result "0-1"]
[Termination "normal"]
[Board "12"]
[WhiteElo "1515"]
[BlackElo "1496"]
[WhiteClock "00:00:51"]
[BlackClock "00:04:51"]
[PlyCount "148"]
[WhiteFideId "16214439"]
[BlackFideId "16225473"]
[EventCountry "GER"]
[EventRounds "9"]
[EventType "swiss"]
[EventDate "2019.06.08"]

1. e4 {[%clk 1:30:59]} 1... c5 {[%clk 1:30:55]} 2. Nc3 {[%clk 1:31:18]} 2... e6
{[%clk 1:31:18]} 3. f4 {[%clk 1:31:45]} 3... d5 {[%clk 1:31:14]} 4. e5 { [%clk
1:31:33]} 4... Nc6 {[%clk 1:31:24]} 5. Bb5 {[%clk 1:31:32]} 5... Nge7 { [%clk
1:31:37]} 6. Nf3 {[%clk 1:31:38]} 6... a6 {[%clk 1:31:47]} 7. Bxc6+ { [%clk
1:32:02]} 7... Nxc6 {[%clk 1:32:09]} 8. d4 {[%clk 1:30:58]} 8... Qb6 { [%clk
1:14:53]} 9. Ne2 {[%clk 1:26:08]} 9... Bd7 {[%clk 1:04:40]} 10. Rb1 { [%clk
1:18:21]} 10... cxd4 {[%clk 1:03:06]} 11. Nexd4 {[%clk 1:16:50]} 11... Nxd4
{[%clk 1:03:12]} 12. Nxd4 {[%clk 1:16:32]} 12... Qa5+ {[%clk 0:49:31]} 13. Bd2
{[%clk 1:12:53]} 13... Qxa2 {[%clk 0:48:36]} 14. O-O {[%clk 1:06:08]} 14... Bc5
{[%clk 0:47:40]} 15. Be3 {[%clk 1:04:03]} 15... O-O {[%clk 0:42:37]} 16. Kh1
{[%clk 1:00:38]} 16... Rac8 {[%clk 0:40:42]} 17. Rf3 {[%clk 0:54:39]} 17... f6
{[%clk 0:39:45]} 18. Rh3 {[%clk 0:46:20]} 18... fxe5 {[%clk 0:35:16]} 19. fxe5
{[%clk 0:42:49]} 19... Qc4 {[%clk 0:28:29]} 20. Qd2 {[%clk 0:29:44]} 20... Rf1+
{[%clk 0:24:51]} 21. Rxf1 {[%clk 0:30:01]} 21... Qxf1+ {[%clk 0:25:14]} 22. Bg1
{[%clk 0:30:23]} 22... Bxd4 {[%clk 0:23:33]} 23. Qxd4 {[%clk 0:30:11]} 23...
Rxc2 {[%clk 0:23:49]} 24. Rg3 {[%clk 0:28:16]} 24... Qc4 {[%clk 0:21:51]} 25.
Qb6 {[%clk 0:22:08]} 25... Qc7 {[%clk 0:20:00]} 26. Qb3 {[%clk 0:18:18]} 26...
Rc1 {[%clk 0:18:49]} 27. Qe3 {[%clk 0:16:58]} 27... Bb5 {[%clk 0:18:19]} 28. h3
{[%clk 0:12:38]} 28... b6 {[%clk 0:13:15]} 29. Kh2 {[%clk 0:11:36]} 29... Qc5
{[%clk 0:13:30]} 30. Bf2 {[%clk 0:09:42]} 30... Qxe3 {[%clk 0:13:34]} 31. Bxe3
{[%clk 0:09:33]} 31... Rc2 {[%clk 0:09:32]} 32. Bd4 {[%clk 0:08:11]} 32... Bc4
{[%clk 0:08:56]} 33. b3 {[%clk 0:07:52]} 33... Be2 {[%clk 0:05:37]} 34. Bxb6
{[%clk 0:07:38]} 34... Rd2 {[%clk 0:05:08]} 35. Ba5 {[%clk 0:06:46]} 35... Rd1
{[%clk 0:05:16]} 36. Rc3 {[%clk 0:05:42]} 36... d4 {[%clk 0:05:08]} 37. Rc6
{[%clk 0:04:54]} 37... Kf7 {[%clk 0:04:58]} 38. Kg3 {[%clk 0:01:48]} 38... Bb5
{[%clk 0:04:34]} 39. Rc7+ {[%clk 0:00:54]} 39... Kg6 {[%clk 0:03:58]} 40. Kf4
{[%clk 0:00:47]} 40... Rf1+ {[%clk 0:03:20]} 41. Ke4 {[%clk 0:00:31]} 41... d3
{[%clk 0:02:54]} 42. Re7 {[%clk 0:22:37]} 42... Rf2 {[%clk 0:30:41]} 43. Rxe6+
{[%clk 0:19:14]} 43... Kf7 {[%clk 0:30:53]} 44. Rd6 {[%clk 0:19:15]} 44... Re2+
{[%clk 0:30:34]} 45. Kf4 {[%clk 0:17:12]} 45... Rxg2 {[%clk 0:29:30] } 46. Kf3
{[%clk 0:14:27]} 46... Rb2 {[%clk 0:29:33]} 47. Be1 {[%clk 0:10:57]} 47... Rxb3
{[%clk 0:28:10]} 48. Kg4 {[%clk 0:10:51]} 48... Rb2 {[%clk 0:24:47]} 49. h4
{[%clk 0:10:39]} 49... Ra2 {[%clk 0:19:15]} 50. Kf5 {[%clk 0:07:48]} 50... Bc4
{[%clk 0:10:40]} 51. Rd7+ {[%clk 0:07:23]} 51... Ke8 {[%clk 0:09:47]} 52. Rd4
{[%clk 0:06:19]} 52... Ra4 {[%clk 0:09:21]} 53. Bc3 {[%clk 0:05:00]} 53... Bb5
{[%clk 0:08:38]} 54. Rxa4 {[%clk 0:04:37]} 54... Bxa4 {[%clk 0:08:59] } 55. h5
{[%clk 0:04:59]} 55... Bc2 {[%clk 0:07:28]} 56. Kg5 {[%clk 0:05:12]} 56... Kf7
{[%clk 0:07:31]} 57. h6 {[%clk 0:04:07]} 57... g6 {[%clk 0:07:16]} 58. Kf4
{[%clk 0:04:27]} 58... Ke6 {[%clk 0:07:28]} 59. Ke3 {[%clk 0:04:17]} 59... Kf5
{[%clk 0:07:21]} 60. Kf2 {[%clk 0:04:06]} 60... g5 {[%clk 0:07:35]} 61. Kg3
{[%clk 0:03:46]} 61... Kg6 {[%clk 0:07:13]} 62. Kf3 {[%clk 0:02:58]} 62... Kxh6
{[%clk 0:07:20]} 63. e6 {[%clk 0:02:25]} 63... Kg6 {[%clk 0:07:17]} 64. Kg3
{[%clk 0:01:40]} 64... Kf5 {[%clk 0:07:32]} 65. e7 {[%clk 0:01:44]} 65... Ba4
{[%clk 0:07:52]} 66. Kf3 {[%clk 0:02:02]} 66... h5 {[%clk 0:07:50]} 67. Ke3
{[%clk 0:01:56]} 67... Bb5 {[%clk 0:07:30]} 68. e8=Q {[%clk 0:01:41]} 68...
Bxe8 {[%clk 0:07:50]} 69. Kxd3 {[%clk 0:02:09]} 69... h4 {[%clk 0:05:38]} 70.
Ke3 {[%clk 0:01:34]} 70... g4 {[%clk 0:05:35]} 71. Kf2 {[%clk 0:01:47]} 71...
g3+ {[%clk 0:04:59]} 72. Kg2 {[%clk 0:01:35]} 72... Kg4 {[%clk 0:04:39]} 73.
Be5 {[%clk 0:00:32]} 73... h3+ {[%clk 0:04:41]} 74. Kh1 {[%clk 0:00:51]} 74...
Bc6+ {[%clk 0:04:51]} 0-1